000 00735cam a2200277 4500
001 L155597
002
008 040929n1997 000 0 eng u
020 _a0946805245
035 _a(Sirsi) u155597
041 _aeng
050 _a692.5
_c18
245 _aWessex alterations and refurbishment price book
_b1998
250 _a1st ed.
260 _aPoole
_bWessex
_c1997
300 _aVarious pagings
_c30cm.
650 _aRefurbishment
_96264
650 _aALTERATIONS
650 _aBUILT ENVIRONMENT-BUILDING COSTS
650 _aBUILDING PRICE BOOKS
650 _aESTIMATING
651 4 _aENGLAND AND WALES
690 _aBUILT ENVIRONMENT-BUILDING COSTS
700 _aBarnett, N.P.
_xEditor
942 _n0
999 _c113687
_d113687